000 01073nam a2200217Ia 4500
003 Ost
005 20260507075347.0
008 260507s9999||||xx |||||||||||||| ||und||
020 _a2733399759
040 _cfsecg
041 _aara
082 _a330
100 _aنجم، عبود نجم
_eمؤلف
245 0 _aالمسؤولية البيئية في منظمات الأعمال الحديثة /
_c عبود نجم نجم
260 _aعمان:
_bمؤسسة الوراق للنشر والتوزيع,
_c2012
300 _a519 صفحة؛
_bإيضاحات ؛
_c24 سم
520 _aالعلاقة بين الأعمال والبيئة- الإقتصاد البيئي-تحضير الشركة ووظائفها الأساسية- التسويق الأخضر- نظام الإدارة البيئية الآيزو14000- أخلاقيات الإدارة والمسؤولية البيئية- مواطنة الشركة- نحو البعد الأخضر المستدام للأعمال
653 _aالبيئة
653 _aالمنظمات البيئية
942 _cكتاب
999 _c44118
_d44118